书目信息 |
| 题名: |
古代汉语(第三册)辅导及习题精解
|
|
| 作者: | 刘畅 , 米清清 主编 | |
| 分册: | ||
| 出版信息: | 北京 中国水利水电出版社 2011.03 |
|
| 页数: | 263页 | |
| 开本: | 21cm | |
| 丛书名: | 九章丛书 | |
| 单 册: | ||
| 中图分类: | H109.2 | |
| 科图分类: | ||
| 主题词: | 古汉语 , 古汉语--高等学校--教学参考资料 | |
| 电子资源: | ||
| ISBN: | 978-7-5084-8426-6 | |
| 000 | 01041nam0 2200301 450 | |
| 001 | 1142957657 | |
| 005 | 20111231115632.01 | |
| 010 | @a978-7-5084-8426-6@dCNY13.80 | |
| 090 | @aH109.2@blc | |
| 096 | @aH109.2@blc | |
| 100 | @a20110509d2011 em y0chiy50 ea | |
| 101 | 0 | @achi |
| 102 | @aCN@b110000 | |
| 105 | @ay zq 000yy | |
| 200 | 1 | @a古代汉语(第三册)辅导及习题精解@b专著@f刘畅,米清清主编@9gu dai han yu ( di san ce ) fu dao ji xi ti jing jie |
| 210 | @a北京@c中国水利水电出版社@d2011.03 | |
| 215 | @a263页@d21cm | |
| 225 | 1 | @a九章丛书 |
| 225 | 1 | @a高校经典教材同步辅导丛书@i文科类 |
| 300 | @a配套中华书局版王力主编 | |
| 330 | @a本书共分四册十四个单元,每单元由文选、常用词分析与示例、古汉语通论、同步练习等内容组成,主要讲解古代汉语的基本知识和习惯用法。 | |
| 606 | 0 | @a古汉语 |
| 606 | 0 | @a古汉语@x高等学校@j教学参考资料 |
| 690 | @aH109.2@v4 | |
| 701 | 0 | @a刘畅@4主编@9liu chang |
| 701 | 0 | @a米清清@4主编@9mi qing qing |
| 801 | 0 | @aCN@b大连网信软件有限公司图书馆·11@c20111231 |
| 905 | @aZUCC@dH109.2@eL592:3 | |
| 古代汉语(第三册)辅导及习题精解/刘畅,米清清主编.-北京:中国水利水电出版社,2011.03 |
| 263页;21cm.-(九章丛书).-(高校经典教材同步辅导丛书.文科类) |
| 配套中华书局版王力主编 |
| ISBN 978-7-5084-8426-6:CNY13.80 |
| 本书共分四册十四个单元,每单元由文选、常用词分析与示例、古汉语通论、同步练习等内容组成,主要讲解古代汉语的基本知识和习惯用法。 |
| ● |
| 相关链接 |
|
|
|
正题名:古代汉语(第三册)辅导及习题精解
索取号:H109.2/L592:3
 
预约/预借
| 序号 | 登录号 | 条形码 | 馆藏地/架位号 | 状态 | 备注 |
| 1 | 467603 | 204676038 | 语言库209/209语言库 70排2列5层/ [索取号:H109.2/L592:3] | 在馆 | |
| 2 | 467604 | 204676047 | 语言库209/209语言库 70排2列5层/ [索取号:H109.2/L592:3] | 在馆 | |
| 3 | 467605 | 204676056 | 语言库209/209语言库 70排2列5层/ [索取号:H109.2/L592:3] | 在馆 |